| 000 | 01048nam a22002897a 4500 | ||
|---|---|---|---|
| 001 | BR8602186 | ||
| 003 | BR-BrBNA | ||
| 005 | 20230928092253.0 | ||
| 007 | ta | ||
| 008 | 230509b bl.||||| |||| 00| 0 por d | ||
| 040 |
_aBR-BrBNA _bpor _cBiblioteca Nacional de Agricultura |
||
| 041 | _a(Por) | ||
| 072 |
_aP01; K10 _b/GZ72 |
||
| 090 | _ P01 BR8602186 | ||
| 110 | 1 |
_aInstituto Estadual de Florestas, Belo Horizonte, MG (Brasil); _96336 |
|
| 110 | 1 |
_aCentrais Eletricas de Minas Gerais S.A., Belo Horizonte (Brasil) _91387 |
|
| 245 | 1 | _aPreservacao, conservacao, genetica e comparacao das caracteristicas: forma, altura, diametro e volume de 17 especies florestais em Minas Gerais | |
| 260 | 3 |
_aBelo Horizonte, MG (Brasil): _c1986. |
|
| 300 | _avp. | ||
| 500 | _a(*) Documento disponível no(a) Instituto Estadual de Florestas, Belo Horizonte, MG (Brazil) | ||
| 650 | _aFLORESTA | ||
| 650 | _aPRESERVACAO DA NATUREZA | ||
| 650 | _aESSENCIA FLORESTAL | ||
| 650 | _aMINAS GERAIS | ||
| 909 |
_a202309 _bLucia _c55 _dLucia Elande |
||
| 942 | _cBK | ||
| 999 |
_c38025 _d38025 |
||